Countries with embassies and consulates in Bulgaria - Statistics

General Stats
  • This quiz has been taken 77 times
  • The average score is 57 of 69
Answer Stats
Continent Country % Correct
Asia China
98%
Europe Germany
98%
Europe Spain
98%
Europe United Kingdom
98%
Asia Japan
97%
Asia/ Europe Russia
97%
Asia/ Europe Turkey
97%
Europe Belgium
95%
Europe Greece
95%
North America United States of America
95%
Europe Austria
94%
South America Brazil
94%
Asia India
94%
Europe Romania
94%
Europe Ukraine
94%
South America Argentina
92%
Europe Italy
92%
Europe Finland
91%
Europe Hungary
91%
Europe Portugal
91%
Europe Serbia
91%
Asia Armenia
89%
Europe Bosnia and Herzegovina
89%
Europe Croatia
89%
Africa Egypt
89%
Europe France
89%
Asia Iran
89%
Europe Macedonia
89%
Europe Poland
89%
Europe Albania
88%
Europe Moldova
88%
Europe the Netherlands
88%
Africa Algeria
86%
Europe Belarus
86%
Asia Iraq
86%
Europe Ireland
86%
Europe Norway
86%
Europe Slovakia
86%
Europe Switzerland
86%
Asia Afghanistan
85%
Europe Denmark
85%
Asia Israel
85%
Asia South Korea
85%
Europe Czech Republic
82%
Europe Kosovo
82%
Asia Vietnam
82%
Africa South Africa
78%
Asia Azerbaijan
77%
North America Cuba
77%
Asia Georgia
77%
Europe Montenegro
77%
Asia Indonesia
75%
Asia Pakistan
74%
Europe Cyprus
72%
Africa Morocco
72%
Asia Kazakhstan
71%
Asia Saudi Arabia
69%
South America Venezuela
66%
Asia Syria
65%
Asia Mongolia
63%
Europe Vatican City
63%
Asia North Korea
62%
Asia Lebanon
58%
Asia Qatar
58%
Asia Yemen
58%
Africa Libya
57%
Asia Kuwait
46%
Africa Sudan
46%
Asia Palestine
43%
No matching quizzes found
Score Distribution
Percent of People with Each Score
Percentile by Number Answered
Your Score History
You have not taken this quiz